Zoo / James Patterson and Michael Ledwidge.
World All over the world, brutal attacks are crippling entire cities. Jackson Oz, a young biologist, watches the escalating events with an increasing sense of dread. When he witnesses a coordinated lion ambush in Africa, the enormity of the violence to come becomes terrifyingly clear. Destruction With the help of ecologist Chloe Tousignant, Oz races to warn world leaders before it's too late. The attacks are growing in ferocity, cunning, and planning, and soon there will be no place left for humans to hide.
Record details
- ISBN: 9781620903490
- ISBN: 1620903490
- Physical Description: 563 p. (large print) ; 25 cm.
- Edition: Doubleday large print home library ed.
- Publisher: New York : Little, Brown, 2012.
Search for related items by subject
| Subject: | Aggressive behavior in animals > Fiction. Human-animal relationships > Fiction. Biologists > Fiction. Ecologists > Fiction. |
| Genre: | aLarge type books. Thrillers (Fiction) |
| LDR | 01586nam a2200313Ia 4500 | ||
|---|---|---|---|
| 001 | 136242 | ||
| 003 | SBPL | ||
| 005 | 20140703073309.0 | ||
| 008 | 121015r20122012nyu d 000 1 eng | ||
| 020 | . | ‡a9781620903490 | |
| 020 | . | ‡a1620903490 | |
| 035 | . | ‡a(CONS)136242 | |
| 035 | . | ‡a(CPomAG)LMN563468 | |
| 050 | 1 | 4. | ‡aPS3566.A822 ‡bZ96 2012 |
| 082 | 0 | 4. | ‡a813/.54 ‡223 |
| 100 | 1 | . | ‡aPatterson, James, ‡d1947- |
| 245 | 1 | 0. | ‡aZoo / ‡cJames Patterson and Michael Ledwidge. |
| 250 | . | ‡aDoubleday large print home library ed. | |
| 260 | . | ‡aNew York : ‡bLittle, Brown, ‡c2012. | |
| 300 | . | ‡a563 p. (large print) ; ‡c25 cm. | |
| 336 | . | ‡atext ‡btxt ‡2rdacontent | |
| 337 | . | ‡aunmediated ‡bn ‡2rdamedia | |
| 338 | . | ‡avolume ‡bnc ‡2rdacarrier | |
| 520 | . | ‡aWorld All over the world, brutal attacks are crippling entire cities. Jackson Oz, a young biologist, watches the escalating events with an increasing sense of dread. When he witnesses a coordinated lion ambush in Africa, the enormity of the violence to come becomes terrifyingly clear. Destruction With the help of ecologist Chloe Tousignant, Oz races to warn world leaders before it's too late. The attacks are growing in ferocity, cunning, and planning, and soon there will be no place left for humans to hide. | |
| 650 | 0. | ‡aAggressive behavior in animals ‡vFiction. | |
| 650 | 0. | ‡aHuman-animal relationships ‡vFiction. | |
| 650 | 0. | ‡aBiologists ‡vFiction. | |
| 650 | 0. | ‡aEcologists ‡vFiction. | |
| 655 | 0 | . | ‡aaLarge type books. |
| 655 | 7. | ‡aThrillers (Fiction) ‡2lcgft | |
| 700 | 1 | . | ‡aLedwidge, Michael. |
| 901 | . | ‡a136242 ‡bUnknown ‡c136242 ‡tbiblio | |